Country Quiz: Tanzania 🇹🇿 - Statistics

General Stats
  • This quiz has been taken 22 times
  • The average score is 21 of 41
Answer Stats
Hint Answer % Correct
Between 1885-1919, this European country ruled Tanzania Germany
100%
Between 1919-1960s, this European country ruled Tanzania United Kingdom
88%
Biggest City Dar es Salaam
82%
Language English
82%
Main Religion Christianity
76%
Swahili
76%
Bordering countries Burundi
71%
Capital and third biggest city Dodoma
71%
Kenya
71%
Tanzania also border the second-largest lake in the world Lake Tanganyika
71%
Mozambique
71%
Rwanda
71%
Nationality Tanzanian
71%
Uganda
71%
World-renowned archipelago of Tanzania, situated just of the coast of Tanzania Zanzibar
71%
The year when Zanzibar and Tanganyika merged and formed modern-day Tanzania 1964
65%
Democratic Republic of the Congo
65%
Main Lake Lake Victoria
65%
Most famous attraction and tallest mountain in all of Africa (5,895m) Mount Kilimanjaro
65%
Independence 1961
59%
Bordering Oceans Indian ocean
59%
Malawi
59%
Main Economic Sector Primary / Agriculture
53%
State-Condition Republic
53%
Zambia
53%
National Sport Football
47%
In 1979, the leader of Tanzania, helped to overthrow this military dictator of Uganda, who had tried to invade Tanzania Idi Amin
47%
Climate Mixed
47%
Currency Shilling
47%
National Animal Giraffe
24%
Founding Father and most famous leader Julius Nyerere
24%
Type of Government Presidential
24%
National Dish Ugali
24%
Leader (2015-2021) John Magufuli
18%
Second-Largest City Mwanza
18%
Nearly 30% of Tanzania's land is part of these types of parks National Parks
18%
Unitary
18%
Zanzibar-born writer who was awarded the Nobel prize in literature, in 2021 Abdulrazak Gurnah
6%
Main River Nile
6%
Time zones 1 (UTC+3)
0%
Home to this famous waterfall Materuni Waterfall
0%
No matching quizzes found
Score Distribution
Percent of People with Each Score
Percentile by Number Answered
Your Score History
You have not taken this quiz